Experimental macroeconomics evaluation of coordination favorableness at aggregate level

Experiment v rámci Novej keynesiánskej ekonómie. Cenová hra N-player a monopolistická konkurencia. Potenciálny produkt hospodárstva a konvergencia jeho strategicky významných častí na agregátnej úrovni.

Salvato in:
Dettagli Bibliografici
Autore principale: Chytilová, Helena
Altri autori: Chytil, Zdeněk
Natura: Capitolo di libro
Lingua:inglese
Soggetti:
Tags: Aggiungi Tag
Nessun Tag, puoi essere il primo ad aggiungerne!!

MARC

LEADER 00000naa a2200000 4500
001 0194652
005 20231208073923.1
041 0 |a eng 
044 |a SK 
245 1 0 |a Experimental macroeconomics evaluation of coordination favorableness at aggregate level  |c Helena Chytilová, Zdeněk Chytil 
520 |a Experiment v rámci Novej keynesiánskej ekonómie. Cenová hra N-player a monopolistická konkurencia. Potenciálny produkt hospodárstva a konvergencia jeho strategicky významných častí na agregátnej úrovni. 
610 2 0 |a koordinácia 
610 2 0 |a experimenty 
610 2 0 |a teória očakávaní racionálnych 
610 2 0 |a konvergencia 
610 2 0 |a hospodárstvo národné 
100 1 |a Chytilová, Helena 
700 1 |a Chytil, Zdeněk